Loading...
Any History | 6 | 18.33 | 100% | 50% | 33% |
Current Events | 5 | 16.00 | 100% | 60% | 0% |
Fine Arts - Classical Music | 7 | 12.86 | 100% | 29% | 0% |
Fine Arts - Other Fine Arts | 7 | 15.71 | 100% | 57% | 0% |
Geography | 6 | 15.00 | 100% | 50% | 0% |
History - American History | 7 | 14.29 | 86% | 43% | 14% |
History - European History | 8 | 12.50 | 88% | 38% | 0% |
History - World History | 11 | 18.18 | 100% | 64% | 18% |
Literature - American Literature | 9 | 16.67 | 100% | 67% | 0% |
Literature - British Literature | 7 | 14.29 | 100% | 43% | 0% |
Literature - European Literature | 8 | 15.00 | 100% | 50% | 0% |
Literature - World Literature | 9 | 17.78 | 100% | 67% | 11% |
Mythology | 3 | 13.33 | 67% | 67% | 0% |
Other Academic | 4 | 17.50 | 100% | 75% | 0% |
Painting & Sculpture | 6 | 16.67 | 100% | 50% | 17% |
Philosophy | 6 | 21.67 | 100% | 83% | 33% |
Religion | 7 | 15.71 | 100% | 29% | 29% |
Science - Biology | 10 | 16.00 | 100% | 50% | 10% |
Science - Chemistry | 9 | 10.00 | 89% | 11% | 0% |
Science - Other Science | 5 | 20.00 | 100% | 60% | 40% |
Science - Physics | 11 | 11.82 | 91% | 27% | 0% |
Social Science | 7 | 11.43 | 86% | 29% | 0% |